Jinnah and the communal problem in India (Record no. 21200)

MARC details
000 -LEADER
fixed length control field 00480nam a2200133 a 4500
082 ## - DEWEY DECIMAL CLASSIFICATION NUMBER
Classification number 323.39710954
Author Cutter CHA
100 0# - MAIN ENTRY--AUTHOR NAME
Author name Kailash Chandra,
245 10 - TITLE STATEMENT
Title Jinnah and the communal problem in India
260 ## - PUBLICATION, DISTRIBUTION, ETC. (IMPRINT)
Place of publication Delhi :
Name of publisher Anmol Publications (India) :
-- Distributed by Anupama Publishers Distributors,
Year of publication 1986.
300 ## - PHYSICAL DESCRIPTION
Number of Pages iv, 277 p., [1] leaf of plates :
Other physical details ill. ;
500 ## - GENERAL NOTE
General note Reprint. Originally published under the title: Tragedy of Jinnah.
500 ## - GENERAL NOTE
General note Includes index.
942 ## - ADDED ENTRY ELEMENTS (KOHA)
Koha item type Books
Holdings
Home library Current library Shelving location Date acquired Full call number Accession Number Koha item type
Henry Martyn Institute Library Henry Martyn Institute Library General stacks 07/16/2018 323.39710954 CHA 12511 E-Books
                   Copyright © 2026 | Henry Martyn Institute | Hyderabad | TS-500052 | INDIA | Implemented by hmi.edu.in
Hit-Count:

Powered by Koha